Car accident prevention during medical emergency (CAPME) (Record no. 13713)
[ view plain ]
| 000 -LEADER | |
|---|---|
| fixed length control field | 00488nam a22001457a 4500 |
| 082 ## - DEWEY DECIMAL CLASSIFICATION NUMBER | |
| Classification number | BEE-3 ABU |
| 100 ## - MAIN ENTRY--PERSONAL NAME | |
| Personal name | Hafiz M. Abubakar Khan |
| 9 (RLIN) | 93305 |
| 245 ## - TITLE STATEMENT | |
| Title | Car accident prevention during medical emergency (CAPME) |
| 260 ## - PUBLICATION, DISTRIBUTION, ETC. | |
| Place of publication, distribution, etc. | Islamabad |
| Name of publisher, distributor, etc. | NUST-SEECS |
| Date of publication, distribution, etc. | 2015 |
| 300 ## - PHYSICAL DESCRIPTION | |
| Extent | 55p. |
| Other physical details | 27cm. |
| Accompanying material | Error In CD (Not accessible) |
| 500 ## - GENERAL NOTE | |
| General note | Supervisors: Dr. Ammar Hasan, Dr. Amir Ali |
| 700 ## - ADDED ENTRY--PERSONAL NAME | |
| Personal name | Wasiq Khan |
| 9 (RLIN) | 93306 |
| 856 ## - ELECTRONIC LOCATION AND ACCESS | |
| Uniform Resource Identifier | <a href="http://10.250.8.41:8080/xmlui/handle/123456789/29117">http://10.250.8.41:8080/xmlui/handle/123456789/29117</a> |
| 942 ## - ADDED ENTRY ELEMENTS (KOHA) | |
| Koha item type | Project Report |
| Source of classification or shelving scheme | |
| Withdrawn status | Lost status | Damaged status | Not for loan | Collection code | Permanent Location | Current Location | Shelving location | Date acquired | Source of acquisition | Full call number | Barcode | Date last seen | Price effective from | Koha item type |
|---|---|---|---|---|---|---|---|---|---|---|---|---|---|---|
| WITHDRAWN | Central Library (CL) | Central Library (CL) | General Stacks | 07/28/2016 | NUST-SEECS | BEE-3 ABU | SEECSP01904 | 07/28/2016 | 07/28/2016 | Project Report |
